000 00589cam a2200193 4500500
005 20260329001457.0
041 _afre
042 _adc
100 1 0 _aEltchaninoff, Michel
_eauthor
245 0 0 _aDisneyland, notre monde réel
260 _c2007.
500 _a66
690 _aConsumérisme
690 _aJean Baudrillard
690 _aRéel
690 _aSociété de consommation
786 0 _nPhilosophie magazine | 11 | 7 | 2007-07-01 | p. 26-28 | 1951-1787
856 4 1 _uhttps://shs.cairn.info/magazine-philosophie-magazine-2007-7-page-26?lang=fr&redirect-ssocas=7080
999 _c1805764
_d1805764